[Event "ICS rated standard match"]
[Site "204.178.125.65"]
[Date "2001.01.28"]
[Round "?"]
[White "monsoon"]
[Black "Hossa"]
[Result "0-1"]
[WhiteElo "2249"]
[BlackElo "2333"]
[PlyCount "190"]
[EventDate "2001.??.??"]

1. e4 e6 2. d4 d5 3. Nd2 c5 4. exd5 Qxd5 5. Ngf3 cxd4 6. Bc4 Qd6 7. O-O Nf6 8.
Nb3 Nc6 9. Nbxd4 Nxd4 10. Nxd4 a6 11. Re1 Qc7 12. Qd3 b5 13. Bb3 Bd6 14. g3 O-O
15. Bg5 Be7 16. Bh4 Rd8 17. c3 Bb7 18. Bc2 g6 19. a4 bxa4 20. Rxa4 Rab8 21. Bb3
Ng4 22. Rc4 Qd7 23. Bxe7 Qxe7 24. Qe2 Nf6 25. Qe5 Nd7 26. Qa5 Bd5 27. Rc7 Bxb3
28. Nc6 Qf8 29. Nxb8 Nxb8 30. c4 Qd6 31. c5 Qf8 32. Qb6 Bd5 33. Re3 Rd7 34. Rd3
a5 35. Qxa5 Rxc7 36. Qxc7 Na6 37. Qd6 Nxc5 38. Qxf8+ Kxf8 39. Rc3 Ne4 40. Rc8+
Ke7 41. b4 Ng5 42. Rb8 Nf3+ 43. Kg2 h5 44. b5 Be4 45. Kf1 Nxh2+ 46. Ke2 Nf3 47.
Ke3 f5 48. Rg8 Kf7 49. Rh8 Ne5 50. f4 Nc4+ 51. Kd4 Bd5 52. Rh7+ Kf6 53. Kc5 Nd2
54. b6 Ne4+ 55. Kd4 Nd6 56. Kc5 Nf7 57. Kb5 Bb7 58. Ka5 Bc6 59. Ka6 Nd6 60. Rc7
Bg2 61. Rd7 Ne4 62. Rd1 Nc5+ 63. Ka7 g5 64. fxg5+ Kxg5 65. Rc1 Nb7 66. Rc2 Be4
67. Rc7 Nd8 68. Rc8 Nc6+ 69. Ka6 Bd3+ 70. Kb7 Na5+ 71. Kb8 Be4 72. Rc5 Nb3 73.
Rc3 Nd4 74. Rc7 Kg4 75. Rg7+ Kf3 76. Rg5 Nb5 77. Rxh5 Kxg3 78. Rh6 f4 79. Rxe6
f3 80. Rxe4 f2 81. Re3+ Kf4 82. Re7 Nd4 83. Rd7 Ke5 84. Re7+ Ne6 85. Rf7 Nf4
86. b7 f1=Q 87. Rf8 Qb5 88. Rh8 Kd6 89. Rf8 Ne6 90. Rh8 Kc6 91. Rh7 Kb6 92. Re7
Qe5+ 93. Kc8 Qc3+ 94. Kb8 Qh8+ 95. Re8 Qxe8# {monsoon checkmated} 0-1

[Event "ICS rated standard match"]
[Site "204.178.125.65"]
[Date "2001.01.28"]
[Round "?"]
[White "nitmo"]
[Black "Hossa"]
[Result "0-1"]
[WhiteElo "1945"]
[BlackElo "2345"]
[PlyCount "84"]
[EventDate "2001.??.??"]

1. e4 e6 2. d4 d5 3. e5 Nc6 4. c3 f6 5. f4 fxe5 6. fxe5 Qh4+ 7. g3 Qe4+ 8. Qe2
Qxh1 9. Nf3 g6 10. Be3 b6 11. Nbd2 Bh6 12. O-O-O Bxe3 13. Qxe3 Nge7 14. Bh3
Qxd1+ 15. Kxd1 Nd8 16. Qh6 Nf7 17. Qg7 Rg8 18. Qf6 Rf8 19. Qh4 c5 20. Ng5 Nxg5
21. Qxg5 Rf2 22. Bg4 Rxh2 23. Qf6 cxd4 24. cxd4 Nf5 25. Bxf5 gxf5 26. Qh8+ Kd7
27. Nf3 Rxb2 28. Ng5 Rxa2 29. Nxh7 Kc7 30. Qg7+ Kb8 31. Qf8 Ra4 32. Ng5 Rxd4+
33. Ke1 Kb7 34. Qe7+ Ka6 35. Qa3+ Kb5 36. Qb2+ Rb4 37. Qe2+ Kc6 38. Qc2+ Rc4
39. Qb3 a5 40. Nf7 Re4+ 41. Kd2 Ba6 42. Nd6 Rxe5 {nitmo resigns} 0-1

[Event "ICS rated standard match"]
[Site "204.178.125.65"]
[Date "2001.01.28"]
[Round "?"]
[White "Hossa"]
[Black "diep"]
[Result "0-1"]
[WhiteElo "2348"]
[BlackElo "2545"]
[PlyCount "86"]
[EventDate "2001.??.??"]

1. Nf3 d5 2. d4 Nf6 3. c4 e6 4. Nc3 Bb4 5. cxd5 exd5 6. Qa4+ Nc6 7. Ne5 Bd7 8.
Nxc6 Bxc3+ 9. bxc3 Bxc6 10. Qa3 Ne4 11. Bf4 g5 12. Bc1 Qf6 13. f3 Nd6 14. Bd2
Nc4 15. Qc1 Rg8 16. e3 g4 17. f4 Qh4+ 18. g3 Qe7 19. Bd3 h5 20. Bf5 h4 21. Rg1
hxg3 22. hxg3 Bd7 23. Bd3 Rh8 24. Rb1 b6 25. Bxc4 dxc4 26. Rb2 O-O-O 27. Qb1
Rh5 28. Qd1 Rdh8 29. Bc1 Rh1 30. Rbg2 Qe4 31. Qe2 Bc6 32. Kd2 Qb1 33. d5 Rxg1
34. Rxg1 Rh2 35. Qxh2 Qxa2+ 36. Ke1 Qxh2 37. Rf1 Qxg3+ 38. Rf2 Bxd5 39. Kf1 Be4
40. Re2 Bd3 41. Bd2 Qh2 42. Bc1 g3 43. e4 Qh1# {Hossa checkmated} 0-1

[Event "ICS rated blitz match"]
[Site "204.178.125.65"]
[Date "2001.01.28"]
[Round "?"]
[White "Hossa"]
[Black "ATOS"]
[Result "1-0"]
[WhiteElo "2550"]
[BlackElo "1927"]
[PlyCount "41"]
[EventDate "2001.??.??"]

1. e4 c5 2. Nc3 Nc6 3. Nf3 d6 4. Bc4 Nf6 5. O-O e6 6. d4 cxd4 7. Nxd4 Be7 8.
Be3 a6 9. Nxc6 bxc6 10. Qf3 Bb7 11. Qg3 O-O 12. Bh6 Ne8 13. Rfd1 Qb8 14. a3 Kh8
15. Bg5 Bxg5 16. Qxg5 d5 17. Bd3 f6 18. Qh4 e5 19. exd5 f5 20. Qe7 Nd6 21. Qxe5
{ATOS resigns} 1-0

[Event "ICS rated blitz match"]
[Site "204.178.125.65"]
[Date "2001.01.28"]
[Round "?"]
[White "Amateur"]
[Black "Hossa"]
[Result "0-1"]
[WhiteElo "2486"]
[BlackElo "2551"]
[PlyCount "148"]
[EventDate "2001.??.??"]

1. c4 e5 2. Nc3 Nf6 3. Nf3 Nc6 4. d4 exd4 5. Nxd4 Bb4 6. Bg5 h6 7. Nxc6 Bxc3+
8. bxc3 bxc6 9. Bh4 d6 10. Qd4 O-O 11. Bxf6 Qxf6 12. Qxf6 gxf6 13. Kd2 Rb8 14.
a4 Bf5 15. Ra2 Rfe8 16. a5 Bb1 17. Ra1 Rb2+ 18. Kc1 Reb8 19. Ra3 Ba2 20. c5 Bc4
21. cxd6 cxd6 22. Ra1 Bxe2 23. h4 R8b3 24. a6 Bxf1 25. Rxf1 Re2 26. Kd1 Rbb2
27. h5 Red2+ 28. Ke1 Rdc2 29. g3 Rxc3 30. Kd1 Rcc2 31. Ra4 Rc5 32. Rg4+ Kf8 33.
f3 Rxh5 34. Kc1 Rhb5 35. Rd1 Rb1+ 36. Kc2 R5b2+ 37. Kc3 Rb3+ 38. Kc2 Rxd1 39.
Kxb3 Rd3+ 40. Kb2 Rxf3 41. Rb4 Rxg3 42. Rb6 Ke7 43. Rxc6 Kd7 44. Rc4 Rg5 45.
Rb4 Kc6 46. Kc3 Rc5+ 47. Kd3 Rb5 48. Rf4 f5 49. Rh4 Rd5+ 50. Ke2 Kb6 51. Rxh6
Kxa6 52. Rf6 Kb5 53. Rxf7 a5 54. Rb7+ Kc4 55. Ra7 Kb4 56. Rb7+ Kc3 57. Ra7 Rc5
58. Kd1 d5 59. Rh7 d4 60. Rh2 d3 61. Ra2 Rb5 62. Ra1 d2 63. Ra3+ Rb3 64. Rxb3+
Kxb3 65. Kxd2 a4 66. Ke3 a3 67. Kf4 a2 68. Kxf5 Kc3 69. Kf6 Kd4 70. Kf5 a1=Q
71. Ke6 Qf1 72. Ke7 Kd5 73. Ke8 Kd6 74. Kd8 Qf8# {Amateur checkmated} 0-1

[Event "ICS rated blitz match"]
[Site "204.178.125.65"]
[Date "2001.01.28"]
[Round "?"]
[White "Hossa"]
[Black "Amateur"]
[Result "1-0"]
[WhiteElo "2564"]
[BlackElo "2473"]
[PlyCount "189"]
[EventDate "2001.??.??"]

1. Nf3 Nf6 2. Nc3 e6 3. e4 d5 4. e5 Nfd7 5. d4 c5 6. Bf4 cxd4 7. Nxd4 Bc5 8.
Nb3 Be7 9. Bd3 Nc6 10. Qe2 a6 11. O-O d4 12. Nb1 O-O 13. N1d2 Bg5 14. Bxg5 Qxg5
15. f4 Qh6 16. Be4 Ndb8 17. Nc4 Qh4 18. Rad1 Bd7 19. Nd6 f6 20. g3 Qh6 21. Nxb7
fxe5 22. N7c5 Ra7 23. Bxc6 Nxc6 24. fxe5 Rxf1+ 25. Rxf1 Qe3+ 26. Qxe3 dxe3 27.
Nxd7 Rxd7 28. Nc5 Rd8 29. Nxe6 Re8 30. Nc7 Rxe5 31. Nxa6 Ra5 32. Nc7 Nd4 33.
Kg2 Nxc2 34. Ne6 Ra8 35. Kf3 Rxa2 36. Ke2 Ra8 37. Kd3 Nb4+ 38. Kc3 Nc6 39. Re1
Re8 40. Nd4 Ne7 41. Nc2 Rc8+ 42. Kb3 Nc6 43. Ka2 Rf8 44. Rxe3 Rf2 45. Rc3 Ne7
46. h3 Rh2 47. g4 Nd5 48. Rc8+ Kf7 49. Rc5 Ke6 50. Nd4+ Kd6 51. Rc1 g6 52. Nb5+
Ke5 53. Rc5 Ke6 54. Nd4+ Kd6 55. Rc8 Rxh3 56. Rd8+ Ke5 57. Nc6+ Ke4 58. g5 Nf4
59. Re8+ Kf5 60. Re5+ Kg4 61. Nd8 Rh5 62. Nf7 Nh3 63. b4 Ng1 64. Re4+ Kf5 65.
Re3 Nh3 66. Re5+ Kg4 67. b5 Nf4 68. b6 Rh2+ 69. Ka3 Nd3 70. Rb5 Rh3 71. b7 Nc5+
72. Kb2 Na6 73. Ra5 Nb8 74. Ra8 Rh2+ 75. Ka3 Rh3+ 76. Kb4 Nc6+ 77. Kb5 Nd4+ 78.
Kc4 Rb3 79. b8=R Rxb8 80. Rxb8 Nf3 81. Rh8 Nxg5 82. Nxg5 Kxg5 83. Rxh7 Kf6 84.
Kd5 g5 85. Ke4 Kg6 86. Rh2 Kf6 87. Rh6+ Kg7 88. Re6 Kf7 89. Kf5 g4 90. Re3 Kf8
91. Kf6 Kg8 92. Rg3 Kf8 93. Rxg4 Ke8 94. Rd4 Kf8 95. Rd8# {Amateur checkmated}
1-0

[Event "ICS rated blitz match"]
[Site "204.178.125.65"]
[Date "2001.01.28"]
[Round "?"]
[White "Hossa"]
[Black "monsoon"]
[Result "0-1"]
[WhiteElo "2576"]
[BlackElo "2576"]
[PlyCount "80"]
[EventDate "2001.??.??"]

1. e4 e5 2. f4 exf4 3. Nf3 d6 4. Bc4 Be6 5. Bxe6 fxe6 6. d4 Qf6 7. Nc3 Na6 8.
Ne2 e5 9. dxe5 dxe5 10. Qd5 c6 11. Qxe5+ Qxe5 12. Nxe5 Nb4 13. Kd1 Rd8+ 14. Bd2
Nf6 15. Nc3 Bd6 16. Nc4 Bc7 17. Re1 Rd4 18. b3 b5 19. Ne2 Rxe4 20. Bxb4 bxc4
21. Bc5 Be5 22. c3 Ng4 23. Kd2 Kf7 24. bxc4 Rxc4 25. Bxa7 c5 26. Kd3 Ne3 27.
Bb6 Rb8 28. g3 Bxc3 29. Nxc3 Rd4+ 30. Ke2 Rxb6 31. Rec1 Ng4 32. gxf4 Nxh2 33.
f5 Rb2+ 34. Ke3 Ng4+ 35. Kf3 Rd3+ 36. Ke4 Nf2+ 37. Ke5 Rd4 38. Nd5 Rb6 39. f6
g6 40. Nxb6 Ng4# {Hossa checkmated} 0-1

[Event "ICS rated blitz match"]
[Site "204.178.125.65"]
[Date "2001.01.28"]
[Round "?"]
[White "PHILVANDUS"]
[Black "Hossa"]
[Result "0-1"]
[WhiteElo "1905"]
[BlackElo "2560"]
[PlyCount "32"]
[EventDate "2001.??.??"]

1. e4 e5 2. Nf3 Nc6 3. Bb5 a6 4. Ba4 Nf6 5. Bxc6 dxc6 6. Nc3 Bc5 7. O-O O-O 8.
Nxe5 Re8 9. Nd3 Bg4 10. Qe1 Bd4 11. h3 Nxe4 12. hxg4 Ng3 13. Qxe8+ Qxe8 14. Re1
Qd7 15. Kh2 Qxg4 16. fxg3 Qh5# {PHILVANDUS checkmated} 0-1

[Event "ICS rated blitz match"]
[Site "204.178.125.65"]
[Date "2001.01.28"]
[Round "?"]
[White "Hossa"]
[Black "PHILVANDUS"]
[Result "1-0"]
[WhiteElo "2561"]
[BlackElo "1904"]
[PlyCount "53"]
[EventDate "2001.??.??"]

1. d4 Nf6 2. c4 e6 3. Nf3 b6 4. e3 Bb7 5. Bd3 Bb4+ 6. Nc3 Ne4 7. Qc2 f5 8. O-O
Bxc3 9. bxc3 O-O 10. Ba3 d6 11. Rfd1 Qe7 12. Re1 Nd7 13. Rf1 c5 14. Nd2 Nxd2
15. Qxd2 e5 16. f4 Be4 17. fxe5 dxe5 18. Bxe4 fxe4 19. d5 Rxf1+ 20. Rxf1 Rf8
21. Rxf8+ Qxf8 22. h3 Qf5 23. Qd1 Qg5 24. Bc1 Qg3 25. Bd2 Nf6 26. Qa4 Nh5 27.
Qe8# {PHILVANDUS checkmated} 1-0

[Event "ICS rated bullet match"]
[Site "204.178.125.65"]
[Date "2001.01.29"]
[Round "?"]
[White "Hossa"]
[Black "BountyHunter"]
[Result "0-1"]
[WhiteElo "2502"]
[BlackElo "2855"]
[PlyCount "46"]
[EventDate "2001.??.??"]

1. e4 c5 2. Nc3 Nc6 3. Nf3 e6 4. d4 cxd4 5. Nxd4 a6 6. Nxc6 bxc6 7. Bd3 d5 8.
O-O Bd6 9. Qg4 Qf6 10. exd5 exd5 11. Re1+ Ne7 12. Qa4 O-O 13. h4 h6 14. h5 Rb8
15. a3 Rb6 16. Qa5 Rb7 17. Na4 Qh4 18. g3 Qxh5 19. Nc5 Bg4 20. Bg6 fxg6 21. Re5
Bxe5 22. Bf4 Bf3 23. Nxb7 Qh1# {Hossa checkmated} 0-1

[Event "ICS rated blitz match"]
[Site "204.178.125.65"]
[Date "2001.01.29"]
[Round "?"]
[White "Amateur"]
[Black "Hossa"]
[Result "1/2-1/2"]
[WhiteElo "2483"]
[BlackElo "2562"]
[PlyCount "210"]
[EventDate "2001.??.??"]

1. e4 e5 2. Nf3 Nc6 3. Bb5 a6 4. Ba4 Nf6 5. O-O Be7 6. d4 exd4 7. Re1 b5 8. Bb3
Bb4 9. Bd2 Bxd2 10. Qxd2 O-O 11. Nxd4 Nxd4 12. Qxd4 d6 13. c4 Be6 14. Nc3 c6
15. Rad1 bxc4 16. Bxc4 Re8 17. Be2 d5 18. Qc5 Qb8 19. Qxc6 Rc8 20. Qa4 Qxb2 21.
Nxd5 Bxd5 22. exd5 Rc2 23. Bf3 Rxf2 24. d6 Rf8 25. Qxa6 Qxa2 26. Qxa2 Rxa2 27.
Re7 Rd8 28. Rc7 g6 29. d7 Kf8 30. h4 h6 31. Bb7 Re2 32. Bf3 Ra2 33. Rc6 Nh5 34.
Bxh5 gxh5 35. Rxh6 Ke7 36. Rxh5 Rxd7 37. Rxd7+ Kxd7 38. Rb5 Ke6 39. h5 Kf6 40.
g4 Rd2 41. g5+ Kg7 42. h6+ Kh7 43. Rb7 Kg6 44. Rb8 Kh7 45. Rf8 Rd7 46. Kg2 Kg6
47. Rg8+ Kh7 48. Rg7+ Kh8 49. Kg3 Rc7 50. Kf4 Rb7 51. Ke4 Rb5 52. Kf4 Rb7 53.
Ke5 Rb5+ 54. Ke4 Rb4+ 55. Kf5 Rb5+ 56. Kg4 Rb4+ 57. Kg3 Rb3+ 58. Kg4 Rb4+ 59.
Kf3 Rb3+ 60. Ke2 Rb2+ 61. Ke3 Rb5 62. Kf2 Re5 63. Kf3 Rf5+ 64. Ke3 Rb5 65. Ke4
Rb4+ 66. Kf5 Rb5+ 67. Kf6 Rb6+ 68. Kf5 Rb5+ 69. Kf6 Rb6+ 70. Ke7 f6 71. Rg6
Rb7+ 72. Kxf6 Kh7 73. Rg7+ Rxg7 74. hxg7 Kg8 75. Kf5 Kxg7 76. g6 Kg8 77. Kg4
Kh8 78. Kf4 Kg8 79. Ke5 Kg7 80. Kf5 Kg8 81. Kf4 Kh8 82. Kg4 Kg8 83. Kf5 Kg7 84.
Kg5 Kg8 85. Kf6 Kh8 86. Kg5 Kg8 87. Kh4 Kh8 88. Kh5 Kg8 89. Kg4 Kh8 90. Kf4 Kg8
91. Kg5 Kg7 92. Kf5 Kg8 93. Kf4 Kh8 94. Kg4 Kg8 95. Kf5 Kg7 96. Kg5 Kg8 97. Kf6
Kh8 98. Kg5 Kg8 99. Kh4 Kh8 100. Kh5 Kg8 101. Kg4 Kh8 102. Kf4 Kg8 103. Kg5 Kg7
104. Kf5 Kg8 105. Kf4 Kh8 {Game drawn by repetition} 1/2-1/2

[Event "ICS Rated blitz match"]
[Site "204.178.125.65"]
[Date "2001.01.29"]
[Round "?"]
[White "PostModernist"]
[Black "Hossa"]
[Result "0-1"]
[WhiteElo "2615"]
[BlackElo "2558"]
[PlyCount "130"]
[EventDate "2001.??.??"]

1. e4 e5 2. Bc4 f5 3. d3 Nf6 4. f4 exf4 5. e5 Ng4 6. Bxf4 g5 7. Bd2 Bc5 8. h3
Nxe5 9. Qh5+ Ng6 10. Bc3 Qe7+ 11. Qe2 Rf8 12. Bg7 Be3 13. Bxf8 Kxf8 14. Kd1 d5
15. Bb3 a5 16. Nc3 c6 17. Nf3 d4 18. Na4 Ra6 19. g3 b5 20. c3 bxa4 21. Bc4 Rb6
22. cxd4 f4 23. Re1 Bxh3 24. Rb1 Bg4 25. gxf4 gxf4 26. Qg2 Qh4 27. Kc2 Qf2+ 28.
Qxf2 Bxf2 29. Rf1 Bxf3 30. Rxf2 Bd5 31. Rh2 Kg7 32. Bxd5 cxd5 33. Rbh1 Nf8 34.
Rh4 a3 35. bxa3 f3 36. Rf1 Ng6 37. Rh5 Nf4 38. Rf5 Rf6 39. Rxf6 Kxf6 40. Rxf3
Kg5 41. Kd2 h5 42. Rg3+ Kf5 43. Rf3 Kg4 44. Ke3 Ng6 45. Rf1 Nc6 46. Rg1+ Kf5
47. Rf1+ Ke6 48. Re1 Nce7 49. Kd2+ Kf5 50. a4 h4 51. Rh1 Kg4 52. Rg1+ Kf3 53.
Rf1+ Kg2 54. Re1 h3 55. Re2+ Kg3 56. Re3+ Kg4 57. Re2 Nh4 58. Kc3 Nef5 59. Rh2
Nf3 60. Rh1 Ng3 61. Rxh3 Kxh3 62. Kc2 Kg2 63. Kb2 Nxd4 64. Kc1 Kf2 65. Kd2 Ne4+
{PostModernist resigns} 0-1

[Event "ICS rated blitz match"]
[Site "204.178.125.65"]
[Date "2001.01.29"]
[Round "?"]
[White "Hossa"]
[Black "PostModernist"]
[Result "1-0"]
[WhiteElo "2577"]
[BlackElo "2596"]
[PlyCount "135"]
[EventDate "2001.??.??"]

1. e4 e5 2. Nf3 Nc6 3. Bb5 a6 4. Ba4 d6 5. O-O Nge7 6. c3 Bd7 7. d4 Ng6 8. Bg5
Be7 9. Bxe7 Qxe7 10. d5 Nd8 11. Nbd2 O-O 12. Bxd7 Qxd7 13. Ng5 Nf4 14. Nc4 f6
15. Nf3 Qg4 16. Ne3 Qg6 17. g3 Nf7 18. Kh1 Nh3 19. Nf5 Qg4 20. Nd2 Qxd1 21.
Raxd1 g6 22. Ne3 Rfe8 23. Kg2 Nfg5 24. Rde1 f5 25. exf5 e4 26. Ng4 Kg7 27. f6+
Kf8 28. f4 exf3+ 29. Nxf3 Nxf3 30. Kxf3 h5 31. Nf2 Nxf2 32. Kxf2 Kf7 33. b3
Kxf6 34. Kg2+ Kg5 35. Rxe8 Rxe8 36. h4+ Kh6 37. Rf7 Re2+ 38. Kf3 Rxa2 39. Rxc7
Rc2 40. b4 g5 41. Ke4 gxh4 42. gxh4 Kg6 43. Kd3 Rh2 44. Rxb7 Rh3+ 45. Kd2 Kf6
46. Ra7 Rxh4 47. Rxa6 Ke5 48. Ra5 Rg4 49. Kd3 h4 50. Ra8 Rg3+ 51. Kc4 Rg4+ 52.
Kb5 Kxd5 53. Rh8 Ke4 54. Kc6 d5 55. b5 d4 56. cxd4 Kxd4 57. b6 Ke3 58. b7 Rg6+
59. Kc5 Rg5+ 60. Kc4 Rg4+ 61. Kc3 Rg3 62. Rxh4 Rg8 63. Rb4 Rb8 64. Kc4 Ke2 65.
Kd5 Kd2 66. Kc6 Kc3 67. Kc7 Rh8 68. Rb1 {PostModernist resigns} 1-0

[Event "ICS rated blitz match"]
[Site "204.178.125.65"]
[Date "2001.01.29"]
[Round "?"]
[White "Hossa"]
[Black "Viveiros"]
[Result "1-0"]
[WhiteElo "2594"]
[BlackElo "2056"]
[PlyCount "35"]
[EventDate "2001.??.??"]

1. e4 c5 2. Nf3 e6 3. d4 cxd4 4. Nxd4 a6 5. Nc3 Qc7 6. Be3 Nf6 7. a3 Be7 8. Bd3
O-O 9. O-O Nc6 10. Qe2 d6 11. f4 Bd7 12. Nb3 b5 13. Rfd1 Rac8 14. Qf3 Na5 15.
Nxa5 Qxa5 16. e5 Bc6 17. Qh3 dxe5 18. fxe5 {Viveiros resigns} 1-0

[Event "ICS rated blitz match"]
[Site "204.178.125.65"]
[Date "2001.01.29"]
[Round "?"]
[White "Lundbotanmats"]
[Black "Hossa"]
[Result "0-1"]
[WhiteElo "2016"]
[BlackElo "2595"]
[PlyCount "23"]
[EventDate "2001.??.??"]

1. d4 Nf6 2. Nf3 g6 3. e3 Bg7 4. Bd3 O-O 5. Nbd2 d5 6. O-O Bh6 7. c3 b6 8. Qe2
c5 9. dxc5 bxc5 10. e4 Nh5 11. exd5 Nf4 12. Qe3 {Lundbotanmats resigns} 0-1

[Event "ICS rated blitz match"]
[Site "204.178.125.65"]
[Date "2001.01.29"]
[Round "?"]
[White "fjolset"]
[Black "Hossa"]
[Result "1/2-1/2"]
[WhiteElo "2024"]
[BlackElo "2596"]
[PlyCount "76"]
[EventDate "2001.??.??"]

1. d4 Nf6 2. e3 g6 3. Bd3 Bg7 4. f4 O-O 5. c3 d6 6. Nf3 c5 7. O-O cxd4 8. exd4
Bg4 9. Qe1 Nc6 10. Nbd2 Qd7 11. Ne4 Nd5 12. Qh4 h6 13. Bd2 Bf5 14. Rae1 a6 15.
Bb1 Na5 16. h3 Nc4 17. Bc1 Qc7 18. g4 Bxe4 19. Bxe4 Nf6 20. Bb1 e6 21. f5 g5
22. Nxg5 hxg5 23. Bxg5 d5 24. Bxf6 Bxf6 25. Qxf6 Qg3+ 26. Kh1 Qxh3+ 27. Kg1
Qxg4+ 28. Kh1 Qh5+ 29. Kg1 Nd2 30. Re2 Qxe2 31. Qg5+ Kh8 32. Qh6+ Kg8 33. Qg5+
Kh8 34. Qh6+ Kg8 35. Qg5+ Kh8 36. Qh6+ Kg8 37. Qg5+ Kh8 38. Qh6+ Kg8 {
Game drawn by repetition} 1/2-1/2

[Event "ICS rated blitz match"]
[Site "204.178.125.65"]
[Date "2001.01.29"]
[Round "?"]
[White "Hossa"]
[Black "monsoon"]
[Result "0-1"]
[WhiteElo "2566"]
[BlackElo "2611"]
[PlyCount "138"]
[EventDate "2001.??.??"]

1. e4 c5 2. c3 Nf6 3. e5 Nd5 4. d4 cxd4 5. Nf3 Nc6 6. Bc4 e6 7. cxd4 Nb6 8. Bd3
Be7 9. O-O d6 10. Nc3 Nb4 11. Bb5+ Bd7 12. a3 Bxb5 13. Nxb5 N4d5 14. exd6 Bxd6
15. Bd2 O-O 16. Qe2 a6 17. Nxd6 Qxd6 18. Ng5 Rae8 19. Qd3 f5 20. Qe2 e5 21. Qh5
h6 22. dxe5 Rxe5 23. Nf3 Re4 24. b3 f4 25. Ba5 Nd7 26. Nd2 Re7 27. Nc4 Qc6 28.
Rfd1 N7f6 29. Qf3 Rfe8 30. Rac1 Qe6 31. Qd3 b5 32. Nd2 Rd7 33. Qb1 Qe7 34. Qa1
Qd6 35. Rc2 Kh7 36. Qc1 Re6 37. Nf3 Qb8 38. Rc8 Qb7 39. Nd4 Re4 40. Qc2 Ne7 41.
Rc7 Rxc7 42. Bxc7 g6 43. Bd6 Ned5 44. Nc6 Qd7 45. Bb8 Qe6 46. Qc1 Qg8 47. Be5
Qe6 48. Bb2 Nd7 49. Nd8 Qf5 50. Qd2 f3 51. Bc1 g5 52. gxf3 Ne5 53. Qxd5 Nxf3+
54. Kh1 Re1+ 55. Rxe1 Qxd5 56. Re7+ Kg6 57. Kg2 Nh4+ 58. Kf1 Qxd8 59. Re6+ Kf5
60. Ke2 Kxe6 61. f4 Qc7 62. Bd2 gxf4 63. Kd1 Nf5 64. Ke1 Qe5+ 65. Kd1 Nd4 66.
h4 Qe4 67. a4 Qb1+ 68. Bc1 Qc2+ 69. Ke1 Qe2# {Hossa checkmated} 0-1

[Event "ICS rated standard match"]
[Site "204.178.125.65"]
[Date "2001.01.29"]
[Round "?"]
[White "RudiLenz"]
[Black "Hossa"]
[Result "0-1"]
[WhiteElo "2194"]
[BlackElo "2340"]
[PlyCount "122"]
[EventDate "2001.??.??"]

1. d4 d5 2. c4 e6 3. Nc3 Nf6 4. Bg5 Be7 5. e3 O-O 6. Nf3 Nbd7 7. Qc2 h6 8. Bh4
c6 9. Bd3 dxc4 10. Bxc4 Nb6 11. Bd3 Nbd5 12. Nxd5 exd5 13. O-O Bd6 14. Bg3 Bxg3
15. hxg3 Qe7 16. Ne5 Re8 17. Rab1 Bd7 18. b4 Be6 19. Rfc1 Rac8 20. Qb2 Nd7 21.
Nxd7 Bxd7 22. b5 cxb5 23. Bxb5 Rxc1+ 24. Rxc1 Rc8 25. Rxc8+ Bxc8 26. Qc3 Be6
27. Qc5 Qxc5 28. dxc5 g5 29. a3 f5 30. Kf1 Kf7 31. Ke2 Ke7 32. Kd3 Bd7 33. Bxd7
Kxd7 34. Kd4 Ke6 35. f3 a6 36. Kc3 Ke5 37. Kd3 a5 38. Kc3 a4 39. Kb4 d4 40.
exd4+ Kxd4 41. Kb5 g4 42. fxg4 fxg4 43. Kb6 Kc4 44. Ka5 Kxc5 45. Kxa4 h5 46.
Ka5 b5 47. Ka6 b4 48. axb4+ Kxb4 49. Kb6 Kc4 50. Kc6 Kd3 51. Kd5 Ke3 52. Ke5
Kf2 53. Kf5 Kxg3 54. Kg5 Kxg2 55. Kxh5 Kf3 56. Kh4 g3 57. Kh3 g2 58. Kh2 Kf2
59. Kh3 g1=Q 60. Kh4 Qg6 61. Kh3 Qh5# {RudiLenz checkmated} 0-1

[Event "ICS rated standard match"]
[Site "204.178.125.65"]
[Date "2001.01.29"]
[Round "?"]
[White "Cohen"]
[Black "Hossa"]
[Result "1-0"]
[WhiteElo "2233"]
[BlackElo "2350"]
[PlyCount "162"]
[EventDate "2001.??.??"]

1. e4 c5 2. Nf3 Nc6 3. Bb5 d6 4. O-O Bd7 5. Re1 Nf6 6. c3 a6 7. Bxc6 Bxc6 8. e5
dxe5 9. Nxe5 e6 10. Nxc6 bxc6 11. Na3 Bd6 12. d3 Bc7 13. Nc4 Qd5 14. Be3 O-O
15. Qd2 Rfd8 16. Rad1 Qf5 17. Bg5 Rd5 18. h4 Qg6 19. g3 Rad8 20. Re3 R8d7 21.
Bxf6 Qxf6 22. Qc2 Qd8 23. Kg2 Rh5 24. Qa4 Qa8 25. f4 Qb7 26. Qc2 Qb8 27. Qe2
Rdd5 28. Qf3 Qe8 29. Re2 g6 30. Ne3 Rd6 31. Ng4 Kg7 32. Ne5 Rd5 33. c4 Rd8 34.
Nxc6 Rd6 35. Ne5 Qd8 36. a3 a5 37. Qe3 Kg8 38. Nf3 Rb6 39. d4 cxd4 40. Rxd4 Qb8
41. Rdd2 a4 42. Ng5 Rb3 43. Qd4 Qb7+ 44. Kh2 Ba5 45. Rc2 Qc8 46. c5 Qc6 47. Ne4
Rf5 48. Nf6+ Rxf6 49. Qxf6 Rd3 50. Qe5 Qf3 51. Rg2 Qc6 52. Rc4 Rd5 53. Qe4 Bc7
54. Qc2 Rd8 55. Qxa4 Qd5 56. Qc2 Ba5 57. b4 Bc7 58. b5 Ba5 59. a4 Rc8 60. c6
Ra8 61. Qe4 Qd1 62. c7 Rc8 63. Qb7 Rxc7 64. Rxc7 Qd5 65. Qxd5 exd5 66. Rd7 Kf8
67. Rxd5 Ke7 68. Re2+ Kf8 69. Rd6 Kg7 70. b6 Kf8 71. b7 Kg7 72. b8=Q Bc3 73.
Rd7 Bf6 74. Qe8 Kh6 75. Qxf7 Kh5 76. Qxf6 h6 77. Re5+ Kg4 78. Qxg6+ Kf3 79.
Rd3+ Kf2 80. Qb6+ Kf1 81. Qb1+ Kf2 {Hossa resigns} 1-0

[Event "ICS rated blitz match"]
[Site "204.178.125.65"]
[Date "2001.01.29"]
[Round "?"]
[White "Hossa"]
[Black "frankenpole"]
[Result "1-0"]
[WhiteElo "2555"]
[BlackElo "1941"]
[PlyCount "101"]
[EventDate "2001.??.??"]

1. e4 c5 2. Nf3 d6 3. d4 cxd4 4. Nxd4 Nf6 5. Nc3 a6 6. a4 e5 7. Nf3 Be7 8. Bg5
O-O 9. Be2 Be6 10. Bxf6 Bxf6 11. O-O Nc6 12. Nd5 Bxd5 13. Qxd5 Nd4 14. Nxd4
exd4 15. Qxb7 Be5 16. f4 Bf6 17. Rab1 Rb8 18. Qxa6 Ra8 19. Qb5 Rb8 20. Qd3 d5
21. e5 Be7 22. Qf5 f6 23. Bf3 fxe5 24. Qxe5 Bf6 25. Qxd5+ Qxd5 26. Bxd5+ Kh8
27. b4 Rbd8 28. Be4 Rfe8 29. Rfe1 Rd7 30. Bc6 Rxe1+ 31. Rxe1 Rd8 32. a5 h6 33.
g3 Kh7 34. a6 d3 35. Be4+ g6 36. Bxd3 Bd4+ 37. Kf1 Bc3 38. Re7+ Kg8 39. Rb7 Re8
40. Bc4+ Kf8 41. Rf7+ Kg8 42. Re7+ Kf8 43. Rxe8+ Kxe8 44. a7 Kd8 45. a8=Q+ Kc7
46. Qa7+ Kc6 47. b5+ Kd6 48. b6 Kc5 49. b7+ Kxc4 50. b8=Q Bd4 51. Qb3# {
frankenpole checkmated} 1-0

[Event "ICS rated blitz match"]
[Site "204.178.125.65"]
[Date "2001.01.29"]
[Round "?"]
[White "Guascone"]
[Black "Hossa"]
[Result "0-1"]
[WhiteElo "1980"]
[BlackElo "2556"]
[PlyCount "66"]
[EventDate "2001.??.??"]

1. e4 c5 2. Nf3 d6 3. d4 cxd4 4. Nxd4 Nf6 5. Nc3 a6 6. Bg5 e6 7. f4 Be7 8. Qf3
Qc7 9. O-O-O Nbd7 10. g4 b5 11. a3 Bb7 12. Bxf6 Nxf6 13. g5 Nd7 14. Kb1 O-O 15.
h4 Rac8 16. Bd3 Nc5 17. h5 f5 18. Rhg1 fxe4 19. Bxe4 d5 20. Bd3 Rxf4 21. Qe3 e5
22. Nde2 d4 23. Qg3 Rf3 24. Qg4 Nxd3 25. Rxd3 Rxd3 26. cxd3 dxc3 27. Nxc3 Bxa3
28. Qe6+ Kh8 29. h6 Bxb2 30. hxg7+ Qxg7 31. Kxb2 e4 32. Rc1 b4 33. dxe4 bxc3+ {
Guascone resigns} 0-1

[Event "ICS rated blitz match"]
[Site "204.178.125.65"]
[Date "2001.01.29"]
[Round "?"]
[White "Fatima"]
[Black "Hossa"]
[Result "0-1"]
[WhiteElo "1904"]
[BlackElo "2557"]
[PlyCount "50"]
[EventDate "2001.??.??"]

1. e4 c5 2. Nf3 d6 3. d4 cxd4 4. Nxd4 Nf6 5. Nc3 a6 6. Bc4 e6 7. Bb3 b5 8. O-O
b4 9. Na4 Nxe4 10. Re1 Bb7 11. f3 Nf6 12. Bxe6 fxe6 13. Nxe6 Qa5 14. Nec5+ Kf7
15. Nxb7 Qc7 16. Bg5 Nbd7 17. Bxf6 Nxf6 18. Qe2 Qxb7 19. Qe6+ Kg6 20. Re4 Qa7+
21. Kh1 Qf2 22. Rg4+ Kh6 23. Rg3 Re8 24. Qh3+ Nh5 25. Rg1 Re1 {Fatima resigns}
0-1

[Event "ICS rated blitz match"]
[Site "204.178.125.65"]
[Date "2001.01.29"]
[Round "?"]
[White "Viveiros"]
[Black "Hossa"]
[Result "0-1"]
[WhiteElo "2053"]
[BlackElo "2560"]
[PlyCount "52"]
[EventDate "2001.??.??"]

1. e4 c5 2. Nc3 Nc6 3. f4 e6 4. Nf3 a6 5. d3 d5 6. g3 d4 7. Ne2 Nf6 8. Bg2 Be7
9. O-O O-O 10. h3 b5 11. g4 Bb7 12. Ng3 Qc7 13. g5 Nd7 14. h4 Nb6 15. h5 a5 16.
Nh4 Bxg5 17. Qg4 Be7 18. h6 g6 19. f5 Ne5 20. Qh3 g5 21. Nh5 gxh4 22. Bf4 exf5
23. Qxf5 f6 24. Ng7 Bc8 25. Ne6 Bxe6 26. Qxe6+ Kh8 {Viveiros resigns} 0-1